[Event "ECCC 2013"]
[Site "Rhodes"]
[Date "2013.10.21"]
[Round "2"]
[White "Arben, Avdiu"]
[Black "Wenner, Tobias"]
[Result "1-0"]
[WhiteElo "1967"]
[BlackElo "2147"]
[PlyCount "117"]
[EventDate "2013.10.20"]
[EventType "team"]
[EventRounds "7"]
[EventCountry "GRE"]
[WhiteTeam "Istogu Chess Club"]
[BlackTeam "Chess Club Eppingen"]

1. e4 d5 2. exd5 Qxd5 3. Nc3 Qa5 4. d4 c6 5. Nf3 Bf5 6. Bd3 Bxd3 7. Qxd3 Nf6 8.
O-O e6 9. Ne5 Be7 10. Bd2 Qc7 11. Qg3 O-O 12. Bh6 Ne8 13. Bf4 Qd8 14. Rad1 Nd7
15. Ne4 Ndf6 16. Nc5 Nh5 17. Qf3 Nxf4 18. Qxf4 Nd6 19. Rd3 Bg5 20. Qg4 Qe7 21.
Rg3 Bh6 22. Re1 Rad8 23. c3 Qc7 24. Qh5 Nf5 25. Rh3 Kh8 26. Qf3 b6 27. Na6 Qc8
28. Nb4 c5 29. Nbc6 cxd4 30. Nxd8 Qxd8 31. cxd4 g6 32. g4 Qg5 33. Kf1 Nd6 34.
Qe3 Kg7 35. Nf3 Qb5+ 36. Qe2 Bf4 37. Qxb5 Nxb5 38. g5 Nc7 39. Re2 Nd5 40. Rc2
Nb4 41. Rc4 Nxa2 42. Rh4 Bd6 43. Ne5 Nb4 44. Rc3 Nd5 45. Rc6 Be7 46. Rg4 Rd8
47. Nd3 Bd6 48. h4 a5 49. Ke2 a4 50. Rg1 a3 51. bxa3 Bxa3 52. Kf3 Bd6 53. Rb1
h6 54. Rb3 hxg5 55. hxg5 f6 56. gxf6+ Kxf6 57. Ke4 Ke7 58. Ne5 Bxe5 59. Kxe5
1-0

[Event "ECCC 2013"]
[Site "Rhodes"]
[Date "2013.10.21"]
[Round "2"]
[White "Dekan, Hans"]
[Black "Sadiku, Bedri"]
[Result "1/2-1/2"]
[WhiteElo "2172"]
[BlackElo "2267"]
[PlyCount "154"]
[EventDate "2013.10.20"]
[EventType "team"]
[EventRounds "7"]
[EventCountry "GRE"]
[WhiteTeam "Chess Club Eppingen"]
[BlackTeam "Istogu Chess Club"]

1. e4 g6 2. Nf3 Bg7 3. d4 d6 4. h3 Nf6 5. Bd3 O-O 6. O-O Nc6 7. Nc3 e5 8. dxe5
dxe5 9. Be3 h6 10. Qd2 Kh7 11. Rad1 Qe7 12. Bb5 Rd8 13. Qe2 Bd7 14. Rd2 a6 15.
Ba4 b5 16. Bb3 Na5 17. Nd5 Nxd5 18. Bxd5 Rac8 19. Rfd1 Be8 20. a4 f5 21. b4
fxe4 22. Nh2 c6 23. Bc5 Qc7 24. Be6 Nc4 25. Bxc4 bxc4 26. Qxc4 Rxd2 27. Rxd2 a5
28. Qxe4 axb4 29. Nf3 Qa5 30. Bxb4 Qxa4 31. Qg4 Rb8 32. Bd6 Qa1+ 33. Kh2 Ra8
34. Qe6 Qc3 35. Qe7 Kg8 36. Bxe5 Bxe5+ 37. Qxe5 Qxe5+ 38. Nxe5 Kf8 39. Ng4 h5
40. Nf6 Bf7 41. Nd7+ Ke7 42. Ne5 Be8 43. h4 Ke6 44. Nf3 c5 45. Re2+ Kd5 46.
Re5+ Kd6 47. Re3 Bd7 48. Rd3+ Kc7 49. Rd5 Ra5 50. Nd4 Ba4 51. Rg5 Kd7 52. Nb3
Bxb3 53. cxb3 Rb5 54. f3 Rxb3 55. Rxc5 Rb6 56. g4 hxg4 57. fxg4 Ke6 58. Kg3 Kf6
59. Rc4 Rb7 60. Kf4 Kg7 61. Ke5 Re7+ 62. Kd6 Re1 63. g5 Rd1+ 64. Ke5 Re1+ 65.
Re4 Ra1 66. Kd6 Ra6+ 67. Kc7 Ra7+ 68. Kb6 Rd7 69. Rc4 Rd6+ 70. Kb7 Rd1 71. Kc6
Kf7 72. Rf4+ Kg7 73. Kc5 Rd7 74. Rd4 Rc7+ 75. Kd6 Rc1 76. Re4 Rd1+ 77. Ke7 Ra1
1/2-1/2

[Event "ECCC 2013"]
[Site "Rhodes"]
[Date "2013.10.21"]
[Round "2"]
[White "Sreeves, Clement"]
[Black "Driessens, Patrick"]
[Result "1/2-1/2"]
[WhiteElo "2233"]
[BlackElo "2311"]
[PlyCount "85"]
[EventDate "2013.10.20"]
[EventType "team"]
[EventRounds "7"]
[EventCountry "GRE"]
[WhiteTeam "Edinburgh Chess Club"]
[BlackTeam "SV Voerendaal / KNSB"]

1. c4 e6 2. g3 d5 3. Bg2 Nf6 4. Nf3 Be7 5. O-O O-O 6. b3 b6 7. Bb2 Bb7 8. e3 c5
9. Nc3 dxc4 10. bxc4 Nc6 11. Qe2 Qc7 12. d3 a6 13. Rab1 Rfd8 14. Rfd1 Rab8 15.
Ba1 Na7 16. a4 Bc6 17. Ne5 Bxg2 18. Kxg2 b5 19. Nxb5 axb5 20. cxb5 Nd7 21. Nc4
Nc8 22. Kg1 Nd6 23. Nxd6 Bxd6 24. Rdc1 Qa7 25. Rc4 Be5 26. d4 cxd4 27. Bxd4
Bxd4 28. Rxd4 Nb6 29. Rbd1 Rxd4 30. Rxd4 h6 31. Qd1 Ra8 32. Rd8+ Rxd8 33. Qxd8+
Kh7 34. Qd3+ f5 35. Qd6 Nxa4 36. Qxe6 Qc5 37. e4 Nc3 38. exf5 Nxb5 39. Qg6+ Kh8
40. Qe8+ Kh7 41. Qg6+ Kh8 42. Qe8+ Kh7 43. Qg6+ 1/2-1/2

[Event "ECCC 2013"]
[Site "Rhodes"]
[Date "2013.10.21"]
[Round "2"]
[White "Ciornei, Dragos"]
[Black "Macqueen, Calum"]
[Result "1/2-1/2"]
[WhiteElo "2167"]
[BlackElo "2236"]
[PlyCount "65"]
[EventDate "2013.10.20"]
[EventType "team"]
[EventRounds "7"]
[EventCountry "GRE"]
[WhiteTeam "SV Voerendaal / KNSB"]
[BlackTeam "Edinburgh Chess Club"]

1. e4 c5 2. Nf3 Nc6 3. d4 cxd4 4. Nxd4 e5 5. Nb5 d6 6. N1c3 a6 7. Na3 Be7 8.
Nc4 b5 9. Ne3 Nf6 10. Ned5 O-O 11. Be3 Rb8 12. Be2 b4 13. Nxf6+ Bxf6 14. Nd5
Bg5 15. O-O a5 16. Bc4 Bxe3 17. fxe3 Be6 18. Qh5 Ne7 19. Rf3 Bxd5 20. Bxd5 Nxd5
21. exd5 g6 22. Qh6 f5 23. Raf1 Qe7 24. g4 fxg4 25. Rxf8+ Rxf8 26. Rxf8+ Qxf8
27. Qg5 Qf3 28. Qd8+ Kg7 29. Qe7+ Kh6 30. Qh4+ Kg7 31. Qe7+ Kh6 32. Qh4+ Kg7
33. Qe7+ 1/2-1/2

[Event "ECCC 2013"]
[Site "Rhodes"]
[Date "2013.10.21"]
[Round "2"]
[White "Berry, Neil"]
[Black "Merx, Bob"]
[Result "1/2-1/2"]
[WhiteElo "2254"]
[BlackElo "2129"]
[PlyCount "85"]
[EventDate "2013.10.20"]
[EventType "team"]
[EventRounds "7"]
[EventCountry "GRE"]
[WhiteTeam "Edinburgh Chess Club"]
[BlackTeam "SV Voerendaal / KNSB"]

1. d4 Nf6 2. c4 c5 3. d5 e6 4. Nc3 exd5 5. cxd5 d6 6. Nf3 g6 7. h3 Bg7 8. e4
O-O 9. Bd3 b5 10. Nxb5 Re8 11. O-O Nxe4 12. Re1 a6 13. Nc3 Nf6 14. Rxe8+ Nxe8
15. Bg5 Bf6 16. Qd2 Nd7 17. Qf4 Bxg5 18. Nxg5 Ne5 19. Bf1 Kg7 20. Re1 Bf5 21.
Qg3 c4 22. Nge4 Rb8 23. Nxd6 Qxd6 24. Qxe5+ Qxe5 25. Rxe5 Nd6 26. Re2 h5 27. f3
h4 28. Rd2 Kf6 29. Kf2 Ke5 30. Nd1 Bb1 31. Nc3 Bf5 32. Ke3 g5 33. Be2 Rb6 34.
Bf1 Rb8 35. Be2 Rb6 36. a3 Rb8 37. Bf1 Rb3 38. Kf2 Rb8 39. Be2 Rb6 40. Ke3 Rb8
41. Kf2 Rb6 42. Ke3 Rb8 43. Kf2 1/2-1/2

[Event "ECCC 2013"]
[Site "Rhodes"]
[Date "2013.10.21"]
[Round "2"]
[White "White, Alastair F"]
[Black "Van Der Zwet, Bart"]
[Result "0-1"]
[WhiteElo "2093"]
[BlackElo "2091"]
[PlyCount "48"]
[EventDate "2013.10.20"]
[EventType "team"]
[EventRounds "7"]
[EventCountry "GRE"]
[WhiteTeam "Edinburgh Chess Club"]
[BlackTeam "SV Voerendaal / KNSB"]

1. e4 e6 2. d4 d5 3. Bd3 Nf6 4. e5 Nfd7 5. Nf3 Be7 6. O-O c5 7. Re1 Nc6 8. c4
dxc4 9. Bxc4 cxd4 10. Bf4 Qb6 11. Nbd2 Nc5 12. Qe2 O-O 13. a3 a5 14. Ne4 Rd8
15. Rad1 Nd7 16. Bg5 Nf8 17. Nd6 Bxg5 18. Nxg5 Nxe5 19. Nxc8 Raxc8 20. Ba2 Neg6
21. Qf3 Rd7 22. Rd2 h6 23. Ne4 Qc6 24. Qg3 Qxe4 0-1

[Event "ECCC 2013"]
[Site "Rhodes"]
[Date "2013.10.21"]
[Round "2"]
[White "Winkels, Marcel"]
[Black "Sykes, Chris"]
[Result "0-1"]
[WhiteElo "2002"]
[BlackElo "1925"]
[PlyCount "60"]
[EventDate "2013.10.20"]
[EventType "team"]
[EventRounds "7"]
[EventCountry "GRE"]
[WhiteTeam "SV Voerendaal / KNSB"]
[BlackTeam "Edinburgh Chess Club"]

1. e4 c6 2. d4 d5 3. f3 e6 4. Nc3 Bb4 5. Bd2 Nf6 6. e5 Nfd7 7. f4 a6 8. Nf3 c5
9. a3 Bxc3 10. Bxc3 Nc6 11. Qd2 Qe7 12. Be2 O-O 13. O-O-O b5 14. dxc5 Nxc5 15.
Nd4 Qc7 16. Bf3 Nxd4 17. Qxd4 a5 18. f5 b4 19. axb4 axb4 20. Qxb4 Ra4 21. Rhe1
Rxb4 22. Bxb4 Rd8 23. Kb1 Ba6 24. Re3 Rb8 25. Ba3 Na4 26. fxe6 fxe6 27. Bg4
Nc3+ 28. Rxc3 Qxc3 29. Bxe6+ Kh8 30. Bxd5 Qxa3 0-1

[Event "ECCC 2013"]
[Site "Rhodes"]
[Date "2013.10.22"]
[Round "3"]
[White "Koykka, Pekka"]
[Black "Shirov, Alexei"]
[Result "0-1"]
[WhiteElo "2302"]
[BlackElo "2685"]
[PlyCount "138"]
[EventDate "2013.10.20"]
[EventType "team"]
[EventRounds "7"]
[EventCountry "GRE"]
[WhiteTeam "Tammer-Shakki"]
[BlackTeam "Malachite"]

1. e4 c5 2. Nf3 Nc6 3. d4 cxd4 4. Nxd4 e5 5. Nb5 d6 6. N1c3 a6 7. Na3 Be6 8.
Nc4 b5 9. Ne3 Nf6 10. Ned5 Be7 11. a4 b4 12. Nxf6+ Bxf6 13. Nd5 O-O 14. Be3 Bg5
15. Bb6 Qd7 16. Nc7 Rab8 17. a5 Bd8 18. Nxe6 Qxe6 19. Bxa6 Bxb6 20. axb6 Rxb6
21. Qd3 Nd4 22. Bc4 Qc8 23. O-O Rc6 24. b3 g6 25. Ra4 Rb6 26. Qd2 Qc6 27. f3
Kg7 28. Kh1 Ra8 29. Rfa1 Rbb8 30. h3 Rxa4 31. Rxa4 Qc5 32. Ra6 h6 33. Ra4 Rb7
34. Ra8 Qb6 35. Ra6 Qd8 36. Bd5 Rc7 37. Bc4 Qg5 38. Qxg5 hxg5 39. Rxd6 Nxc2 40.
Rb6 Rd7 41. Bd5 Ra7 42. Rc6 Ne3 43. Rb6 f5 44. Rxb4 Ra1+ 45. Kh2 f4 46. Ra4 Rb1
47. Ra7+ Kf8 48. Bc4 Rb2 49. Kh1 Rxg2 50. Be6 Rg3 51. b4 Rxf3 52. b5 Rf1+ 53.
Kh2 Rf2+ 54. Kg1 Rg2+ 55. Kh1 Rb2 56. Rb7 Ke8 57. Bg4 Nc4 58. Kg1 Nd6 59. Rb8+
Ke7 60. b6 Rb3 61. Rg8 Kf6 62. Rf8+ Kg7 63. Rb8 Nxe4 64. b7 Nd6 65. Bf3 e4 66.
Bxe4 Nxe4 67. Re8 Rxb7 68. Rxe4 Kh6 69. Re8 g4 0-1

[Event "ECCC 2013"]
[Site "Rhodes"]
[Date "2013.10.22"]
[Round "3"]
[White "Penttinen, Jarkko"]
[Black "Riazantsev, Alexander"]
[Result "0-1"]
[WhiteElo "2278"]
[BlackElo "2697"]
[PlyCount "82"]
[EventDate "2013.10.20"]
[EventType "team"]
[EventRounds "7"]
[EventCountry "GRE"]
[WhiteTeam "Tammer-Shakki"]
[BlackTeam "Malachite"]

1. d4 Nf6 2. Nf3 e6 3. e3 c5 4. Bd3 b6 5. O-O Bb7 6. Nbd2 Nc6 7. a3 d5 8. b3
cxd4 9. exd4 g6 10. Bb2 Bg7 11. Re1 O-O 12. Ne5 Rc8 13. Nxc6 Rxc6 14. Nf3 Rc7
15. Ne5 Qa8 16. Qe2 Ne4 17. c4 Bxe5 18. Bxe4 Bg7 19. cxd5 Bxd5 20. f3 Rd8 21.
Bc2 Qc8 22. Bd1 Bb7 23. Qf2 Qd7 24. a4 Bxd4 25. Bxd4 Qxd4 26. Qxd4 Rxd4 27. Be2
Bd5 28. a5 Rb4 29. axb6 axb6 30. Bd1 Rc3 31. Re2 Rd4 32. Rb2 g5 33. b4 Bc4 34.
Bc2 Bb5 35. Be4 f5 36. Ra8+ Kg7 37. Bb1 Rc1+ 38. Kf2 Rf1+ 39. Kg3 h5 40. Ra7+
Kf6 41. Rh7 h4+ 0-1

[Event "ECCC 2013"]
[Site "Rhodes"]
[Date "2013.10.22"]
[Round "3"]
[White "Svidler, Peter"]
[Black "Papaioannou, Ioannis"]
[Result "1-0"]
[WhiteElo "2740"]
[BlackElo "2633"]
[PlyCount "71"]
[EventDate "2013.10.20"]
[EventType "team"]
[EventRounds "7"]
[EventCountry "GRE"]
[WhiteTeam "Saint-Petersburg"]
[BlackTeam "Peristeri"]

1. e4 c5 2. Nf3 d6 3. Bb5+ Nd7 4. O-O a6 5. Bd3 Ngf6 6. c3 b5 7. Bc2 Bb7 8. Re1
e6 9. d4 cxd4 10. cxd4 Be7 11. Nbd2 O-O 12. Nf1 Rc8 13. Ng3 Re8 14. h3 Bf8 15.
Bd2 Qc7 16. Rc1 Qb8 17. Ba5 g6 18. Qd2 Qa8 19. a3 Rc4 20. Bd3 Rxc1 21. Qxc1 Rc8
22. Qd2 Qa7 23. h4 e5 24. Bc3 Ng4 25. Bb1 Bg7 26. Ba2 exd4 27. Bxd4 Bxd4 28.
Nxd4 Nde5 29. Rd1 Ba8 30. f3 Nf6 31. Qg5 Ne8 32. Ngf5 Kf8 33. Nxd6 Nxf3+ 34.
gxf3 Nxd6 35. Qf6 Qc5 36. b4 1-0

[Event "ECCC 2013"]
[Site "Rhodes"]
[Date "2013.10.22"]
[Round "3"]
[White "Matlakov, Maxim"]
[Black "Sandalakis, Angelos"]
[Result "1-0"]
[WhiteElo "2682"]
[BlackElo "2394"]
[PlyCount "75"]
[EventDate "2013.10.20"]
[EventType "team"]
[EventRounds "7"]
[EventCountry "GRE"]
[WhiteTeam "Saint-Petersburg"]
[BlackTeam "Peristeri"]

1. c4 Nf6 2. Nc3 e6 3. Nf3 Bb4 4. Qc2 O-O 5. a3 Bxc3 6. Qxc3 b6 7. b4 d6 8. Bb2
e5 9. e3 Bf5 10. Be2 h6 11. O-O Nbd7 12. d4 Bg4 13. h3 Bxf3 14. Bxf3 e4 15. Be2
Qe7 16. Qc2 a5 17. Bc3 axb4 18. axb4 b5 19. cxb5 Nd5 20. Bd2 N7b6 21. Qc6 Qe6
22. Rfc1 Kh7 23. Bd1 Rae8 24. Bb3 Re7 25. Ra7 Rb8 26. Rf1 g5 27. f3 f5 28. fxe4
fxe4 29. Ra6 g4 30. Rxb6 Rxb6 31. Qxd5 Qxd5 32. Bxd5 gxh3 33. Rf4 Rxb5 34.
Bxe4+ Kg8 35. gxh3 Rg5+ 36. Kf2 Rf7 37. Rxf7 Kxf7 38. Bf3 1-0

[Event "ECCC 2013"]
[Site "Rhodes"]
[Date "2013.10.22"]
[Round "3"]
[White "Stathopoulos, Ioannis"]
[Black "Khairullin, Ildar"]
[Result "0-1"]
[WhiteElo "2286"]
[BlackElo "2651"]
[PlyCount "72"]
[EventDate "2013.10.20"]
[EventType "team"]
[EventRounds "7"]
[EventCountry "GRE"]
[WhiteTeam "Peristeri"]
[BlackTeam "Saint-Petersburg"]

1. d4 Nf6 2. c4 e6 3. Nf3 b6 4. Nc3 Bb4 5. Qc2 Bb7 6. a3 Bxc3+ 7. Qxc3 O-O 8.
Bg5 d6 9. Nd2 Nbd7 10. f3 c5 11. e4 cxd4 12. Qxd4 Qc7 13. Be2 d5 14. exd5 exd5
15. O-O Rfe8 16. Rfe1 h6 17. Bf4 Qc6 18. Rad1 Rad8 19. Nb3 Qa4 20. Qc3 Rxe2 21.
Rxe2 dxc4 22. Red2 Qxb3 23. Qxb3 cxb3 24. Kf2 Bc6 25. Rc1 Bd5 26. Bd6 Be6 27.
Be7 Re8 28. Bd6 b5 29. Bc7 Rc8 30. Rdd1 Nd5 31. Bd6 Rc2+ 32. Rxc2 bxc2 33. Rc1
Bf5 34. g4 Bg6 35. Ke2 N7b6 36. f4 Be4 0-1

[Event "ECCC 2013"]
[Site "Rhodes"]
[Date "2013.10.22"]
[Round "3"]
[White "Givon, Asaf"]
[Black "Korobov, Anton"]
[Result "0-1"]
[WhiteElo "2445"]
[BlackElo "2716"]
[PlyCount "96"]
[EventDate "2013.10.20"]
[EventType "team"]
[EventRounds "7"]
[EventCountry "GRE"]
[WhiteTeam "Kfar Saba Chess Club"]
[BlackTeam "Ugra"]

1. e4 c5 2. Nf3 d6 3. d4 cxd4 4. Nxd4 Nf6 5. Nc3 a6 6. Be3 Nbd7 7. f3 e6 8. g4
h6 9. Qd2 b5 10. O-O-O b4 11. Nce2 Qc7 12. Bg2 d5 13. exd5 Nxd5 14. Nf4 Bb7 15.
Nxd5 Bxd5 16. f4 Bxg2 17. Qxg2 Rc8 18. Rhe1 Bc5 19. f5 e5 20. Nf3 f6 21. h4 O-O
22. g5 Bxe3+ 23. Rxe3 h5 24. gxf6 Nxf6 25. Nxe5 Rfd8 26. Rxd8+ Rxd8 27. Qe2 Rd4
28. Ng6 Rd8 29. Qxa6 Kh7 30. Qe2 Qa7 31. Kb1 Ng4 32. Rf3 Re8 33. Qd1 Nf2 34.
Qf1 Rd8 35. Nf8+ Kg8 36. Qc4+ Kxf8 37. Qxb4+ Kg8 38. a4 Rd1+ 39. Ka2 Rd4 40.
Qb3+ Kh8 41. c4 Ne4 42. Qb5 Qf7 43. f6 gxf6 44. Rf5 Rxc4 45. Rxh5+ Kg7 46. Ka3
Qe7+ 47. Ka2 Rb4 48. Qf5 Nc3+ 0-1

[Event "ECCC 2013"]
[Site "Rhodes"]
[Date "2013.10.22"]
[Round "3"]
[White "Rublevsky, Sergei"]
[Black "Ben Artzi, Ido"]
[Result "1-0"]
[WhiteElo "2695"]
[BlackElo "2370"]
[PlyCount "99"]
[EventDate "2013.10.20"]
[EventType "team"]
[EventRounds "7"]
[EventCountry "GRE"]
[WhiteTeam "Ugra"]
[BlackTeam "Kfar Saba Chess Club"]

1. e4 e5 2. Nf3 Nc6 3. Bb5 a6 4. Ba4 Nf6 5. d3 d6 6. c3 g6 7. O-O Bg7 8. Re1
O-O 9. h3 Re8 10. Nbd2 b5 11. Bc2 Bb7 12. a4 Nb8 13. b4 c5 14. Nb3 cxb4 15.
cxb4 Nc6 16. Bd2 Bf8 17. Qb1 d5 18. Nc5 Bxc5 19. bxc5 dxe4 20. dxe4 Nd4 21.
Nxd4 exd4 22. axb5 axb5 23. Rxa8 Bxa8 24. f3 Nd7 25. Qxb5 Ne5 26. Rd1 d3 27.
Bb3 Qd4+ 28. Kh1 Bc6 29. Qa5 Nxf3 30. gxf3 Qf2 31. Qc7 Qxf3+ 32. Kg1 Bxe4 33.
Qh2 Bf5 34. Rf1 Qb7 35. Bd1 Qd5 36. Qd6 Qxd6 37. cxd6 Rd8 38. Bf4 Bxh3 39. Re1
Bf5 40. Re7 Be6 41. Kf2 h5 42. Ba4 Ra8 43. Re8+ Rxe8 44. Bxe8 Kg7 45. d7 Bxd7
46. Bxd7 f6 47. Ke3 g5 48. Bd6 Kg6 49. Be8+ Kf5 50. Bxh5 1-0

[Event "ECCC 2013"]
[Site "Rhodes"]
[Date "2013.10.22"]
[Round "3"]
[White "Khismatullin, Denis"]
[Black "Mindlin, Alon"]
[Result "1/2-1/2"]
[WhiteElo "2656"]
[BlackElo "2286"]
[PlyCount "81"]
[EventDate "2013.10.20"]
[EventType "team"]
[EventRounds "7"]
[EventCountry "GRE"]
[WhiteTeam "Ugra"]
[BlackTeam "Kfar Saba Chess Club"]

1. d4 d5 2. c4 e6 3. Nf3 c5 4. cxd5 exd5 5. g3 Nc6 6. Bg2 Nf6 7. O-O Be7 8.
dxc5 Bxc5 9. a3 O-O 10. b4 Be7 11. Nc3 Bg4 12. Bb2 Rc8 13. Rc1 a6 14. h3 Be6
15. e3 Ne4 16. Rc2 Nxc3 17. Bxc3 Bf6 18. Qa1 Bxc3 19. Rxc3 Bf5 20. Rfc1 Qd7 21.
Ne5 Nxe5 22. Rxc8 Nf3+ 23. Bxf3 Rxc8 24. Rxc8+ Qxc8 25. Qe5 Bxh3 26. Qxd5 b5
27. Qd6 h6 28. Bc6 Be6 29. Kg2 Bh3+ 30. Kh2 Be6 31. f3 g6 32. g4 Kh7 33. Kg3
Qh8 34. Qd4 Qb8+ 35. f4 Qc7 36. Qc5 Qd8 37. Qd4 Qc7 38. Be4 Qc1 39. f5 Qg1+ 40.
Kh3 gxf5 41. gxf5 1/2-1/2

[Event "ECCC 2013"]
[Site "Rhodes"]
[Date "2013.10.22"]
[Round "3"]
[White "Jobava, Baadur"]
[Black "Navara, David"]
[Result "0-1"]
[WhiteElo "2694"]
[BlackElo "2703"]
[PlyCount "94"]
[EventDate "2013.10.20"]
[EventType "team"]
[EventRounds "7"]
[EventCountry "GRE"]
[WhiteTeam "PGMB-Rostov"]
[BlackTeam "G-Team Novy Bor"]

1. b3 d5 2. Bb2 Bg4 3. f3 Bf5 4. e3 e6 5. f4 Nf6 6. Nf3 Be7 7. d3 c5 8. h3 Nh5
9. g4 Ng3 10. Rg1 Nxf1 11. Kxf1 Bf6 12. Bxf6 Qxf6 13. Na3 Bg6 14. Nb5 Qe7 15.
e4 a6 16. Nc3 dxe4 17. dxe4 f6 18. f5 Bf7 19. fxe6 Qxe6 20. Nd5 Qd6 21. Ne3 Qf4
22. Nf5 O-O 23. g5 Qxe4 24. Nd6 Qe6 25. Nxf7 Rxf7 26. Kg2 Nc6 27. c3 Qf5 28.
Kh2 Ne5 29. Rg3 Nxf3+ 30. Qxf3 Qxf3 31. Rxf3 fxg5 32. Raf1 Raf8 33. Rxf7 Rxf7
34. Rd1 Rf2+ 35. Kg3 Rxa2 36. Rd8+ Kf7 37. Rd7+ Kg6 38. Rxb7 Rc2 39. c4 h5 40.
Kf3 h4 41. b4 Rxc4 42. bxc5 Rxc5 43. Rb6+ Kh5 44. Rxa6 Rc2 45. Ra3 Rh2 46. Ke4
g4 47. Ra7 g6 0-1

[Event "ECCC 2013"]
[Site "Rhodes"]
[Date "2013.10.22"]
[Round "3"]
[White "Zhigalko, Sergei"]
[Black "Laznicka, Viktor"]
[Result "1-0"]
[WhiteElo "2683"]
[BlackElo "2666"]
[PlyCount "75"]
[EventDate "2013.10.20"]
[EventType "team"]
[EventRounds "7"]
[EventCountry "GRE"]
[WhiteTeam "PGMB-Rostov"]
[BlackTeam "G-Team Novy Bor"]

1. e4 c6 2. d4 d5 3. e5 c5 4. dxc5 Nc6 5. Nf3 Bg4 6. c3 e6 7. Be3 Nge7 8. Bb5
Bxf3 9. Qxf3 a6 10. Ba4 Qa5 11. Bc2 Nxe5 12. Qg3 Nc4 13. b4 Qd8 14. O-O Nxe3
15. fxe3 Nc6 16. e4 g6 17. exd5 exd5 18. Na3 Be7 19. Rad1 O-O 20. Bb3 Qb8 21.
Qe3 Qc7 22. Bxd5 Rae8 23. Nc4 Kg7 24. Qf3 f5 25. Bxc6 bxc6 26. Nd6 Rd8 27. Qf4
Qa7 28. Kh1 Bf6 29. Qc4 Rd7 30. Rde1 Re7 31. a4 Rd8 32. h3 Be5 33. Rxe5 Rxe5
34. Qd4 Rxd6 35. Qxe5+ Rf6 36. Rd1 Kf7 37. Rd8 Re6 38. Rf8+ 1-0

[Event "ECCC 2013"]
[Site "Rhodes"]
[Date "2013.10.22"]
[Round "3"]
[White "Azarov, Sergei"]
[Black "Hracek, Zbynek"]
[Result "1/2-1/2"]
[WhiteElo "2623"]
[BlackElo "2636"]
[PlyCount "59"]
[EventDate "2013.10.20"]
[EventType "team"]
[EventRounds "7"]
[EventCountry "GRE"]
[WhiteTeam "PGMB-Rostov"]
[BlackTeam "G-Team Novy Bor"]

1. e4 e5 2. Nf3 Nc6 3. d4 exd4 4. Nxd4 Nf6 5. Nxc6 bxc6 6. e5 Qe7 7. Qe2 Nd5 8.
c4 Ba6 9. Nd2 g6 10. Nf3 Bg7 11. Bg5 f6 12. exf6 Qxe2+ 13. Bxe2 Nxf6 14. O-O-O
O-O-O 15. Be3 Rde8 16. Rhe1 d6 17. c5 Bxe2 18. Rxe2 Nd5 19. Ree1 Kd7 20. Bd4
Bxd4 21. Rxd4 dxc5 22. Ra4 Rxe1+ 23. Nxe1 Kd6 24. Nf3 Rf8 25. Nd2 Nf4 26. Ne4+
Kd5 27. Nc3+ Kd6 28. Ne4+ Kd5 29. Nc3+ Kd6 30. Ne4+ 1/2-1/2

[Event "ECCC 2013"]
[Site "Rhodes"]
[Date "2013.10.22"]
[Round "3"]
[White "Guseinov, Gadir"]
[Black "Rapport, Richard"]
[Result "0-1"]
[WhiteElo "2603"]
[BlackElo "2676"]
[PlyCount "78"]
[EventDate "2013.10.20"]
[EventType "team"]
[EventRounds "7"]
[EventCountry "GRE"]
[WhiteTeam "Odlar Yurdu"]
[BlackTeam "Clichy Echecs 92"]

1. e4 e6 2. d4 d5 3. Nc3 Bb4 4. exd5 exd5 5. Bd3 c6 6. Qf3 Qf6 7. Qxf6 Nxf6 8.
Bd2 O-O 9. O-O-O Bg4 10. f3 Bh5 11. Nge2 Bg6 12. Bxg6 hxg6 13. h4 Na6 14. g4
Nc7 15. h5 gxh5 16. gxh5 Ne6 17. Rdg1 Kh7 18. Nd1 Bxd2+ 19. Kxd2 Ng8 20. Nf2
Nh6 21. Nd3 Rae8 22. Ndf4 Re7 23. Rh2 Rfe8 24. c3 Nf5 25. Rhg2 Nh4 26. Rg3 Kh6
27. Rh1 Nf5 28. Rg2 Ng5 29. Ng1 Ne3 30. Rf2 Nc4+ 31. Kc2 Re1 32. Nd3 Ne3+ 33.
Kb3 Rd1 34. Ne5 f6 35. Ng6 Nf5 36. f4 Ne4 37. Rg2 Ne3 38. Rhh2 Nxg2 39. Rxg2
Rd2 0-1

[Event "ECCC 2013"]
[Site "Rhodes"]
[Date "2013.10.22"]
[Round "3"]
[White "Tregubov, Pavel V"]
[Black "Durarbayli, Vasif"]
[Result "1/2-1/2"]
[WhiteElo "2606"]
[BlackElo "2548"]
[PlyCount "95"]
[EventDate "2013.10.20"]
[EventType "team"]
[EventRounds "7"]
[EventCountry "GRE"]
[WhiteTeam "Clichy Echecs 92"]
[BlackTeam "Odlar Yurdu"]

1. d4 Nf6 2. Nf3 e6 3. c4 b6 4. g3 Bb7 5. Bg2 Be7 6. O-O O-O 7. Re1 c5 8. d5
exd5 9. Nh4 g6 10. cxd5 d6 11. Nc3 Nbd7 12. Rb1 Rc8 13. b3 Re8 14. Bb2 a6 15.
a4 Bf8 16. e4 Qc7 17. Nf3 Qb8 18. Bf1 Bg7 19. Nd2 Re7 20. Nc4 Rce8 21. Bg2 Ba8
22. Ba1 Rc8 23. Bh3 Ne8 24. a5 bxa5 25. Nxa5 Nef6 26. Qe2 Rce8 27. Bxd7 Rxd7
28. b4 cxb4 29. Nc6 Qc8 30. Rxb4 Bxc6 31. dxc6 Qxc6 32. Rc4 Qa8 33. Ra4 d5 34.
Qxa6 Qxa6 35. Rxa6 dxe4 36. Nb5 Ng4 37. Nd6 Red8 38. Bxg7 Kxg7 39. Nxe4 Re7 40.
f3 Ne5 41. Ng5 h6 42. f4 hxg5 43. Rxe5 Rd1+ 44. Kf2 Rd2+ 45. Kf3 Rb7 46. fxg5
Rxh2 47. Rf6 Rh5 48. Rf4 1/2-1/2

[Event "ECCC 2013"]
[Site "Rhodes"]
[Date "2013.10.22"]
[Round "3"]
[White "Mamedov, Nidjat"]
[Black "Lagarde, Maxime"]
[Result "1-0"]
[WhiteElo "2612"]
[BlackElo "2523"]
[PlyCount "119"]
[EventDate "2013.10.20"]
[EventType "team"]
[EventRounds "7"]
[EventCountry "GRE"]
[WhiteTeam "Odlar Yurdu"]
[BlackTeam "Clichy Echecs 92"]

1. e4 c5 2. Nf3 d6 3. d4 cxd4 4. Nxd4 Nf6 5. Nc3 a6 6. Be3 e6 7. f3 b5 8. Qd2
Nbd7 9. g4 Nb6 10. a4 Nc4 11. Bxc4 bxc4 12. a5 Bb7 13. g5 Nd7 14. h4 Rc8 15. h5
Rc5 16. O-O-O Qxa5 17. Kb1 Be7 18. Rhg1 Rc8 19. g6 Qxh5 20. Rh1 Qxg6 21. Rhg1
Qh5 22. Rxg7 Ne5 23. Qg2 Bf6 24. Rg3 Ng6 25. Nde2 Qa5 26. Rxd6 Qc7 27. Rd1 Bc6
28. Bd4 Bxd4 29. Rxd4 Bb7 30. Qf2 e5 31. Rd1 Qc5 32. Qh2 Rd8 33. Rxd8+ Kxd8 34.
Rg5 Qe7 35. Rh5 Kc8 36. Rxh7 Rxh7 37. Qxh7 Qf6 38. Qh3+ Kb8 39. Qf1 Nh4 40. Qf2
Ng6 41. Qc5 Qxf3 42. Qxc4 Qf1+ 43. Ka2 Qf6 44. Nc1 Nf8 45. Nb3 Nd7 46. Nc5 Nxc5
47. Qxc5 Qe6+ 48. Ka3 f6 49. b3 f5 50. Qf8+ Qc8 51. Qd6+ Ka7 52. Qxe5 fxe4 53.
Kb2 Qc6 54. Na4 Qd5 55. Qc3 Qc6 56. Qd4+ Kb8 57. Nc5 Ka8 58. Qd8+ Ka7 59. Qe7
a5 60. Qxb7+ 1-0

[Event "ECCC 2013"]
[Site "Rhodes"]
[Date "2013.10.22"]
[Round "3"]
[White "Mullon, Jean-Baptiste"]
[Black "Abasov, Nijat"]
[Result "1/2-1/2"]
[WhiteElo "2445"]
[BlackElo "2505"]
[PlyCount "137"]
[EventDate "2013.10.20"]
[EventType "team"]
[EventRounds "7"]
[EventCountry "GRE"]
[WhiteTeam "Clichy Echecs 92"]
[BlackTeam "Odlar Yurdu"]

1. e4 c5 2. Nf3 d6 3. d4 Nf6 4. Bb5+ Nbd7 5. Nc3 cxd4 6. Qxd4 a6 7. Bxd7+ Bxd7
8. Bg5 h6 9. Bxf6 gxf6 10. Nd5 Rc8 11. O-O Bg7 12. Qa7 O-O 13. Qxb7 Rb8 14. Qa7
e6 15. Nf4 Rxb2 16. Nh5 Bb5 17. Qd4 Rxc2 18. Rfc1 Qc7 19. Rxc2 Qxc2 20. a4 Bc6
21. Qxd6 Qxe4 22. Rc1 Bxa4 23. Qxa6 Bb3 24. h3 Bd5 25. Qd6 Qf5 26. Ng3 Qg6 27.
Qf4 f5 28. Rd1 Bf6 29. Ne5 Bxe5 30. Qxe5 Kh7 31. Kh2 Rg8 32. f3 Qg5 33. Rd4 f6
34. Qf4 Qxf4 35. Rxf4 Kg6 36. Rd4 Rc8 37. Ne2 Rc4 38. Rd2 f4 39. Kg1 Kg5 40.
Kf2 h5 41. h4+ Kf5 42. Rd4 Ke5 43. Rd2 Bc6 44. Rb2 Kf5 45. Rd2 e5 46. Ra2 Bb5
47. Rb2 Rc5 48. Rd2 Ke6 49. Rb2 f5 50. Rd2 Bxe2 51. Rxe2 Rc3 52. Ra2 e4 53.
fxe4 fxe4 54. Ra5 Rc2+ 55. Kf1 Rc1+ 56. Ke2 Rc2+ 57. Kf1 e3 58. Rxh5 Rf2+ 59.
Kg1 Kf6 60. Ra5 Kg6 61. Rg5+ Kh6 62. Re5 Re2 63. Kf1 Rb2 64. g3 fxg3 65. Rxe3
g2+ 66. Kg1 Kh5 67. Rg3 Kxh4 68. Rxg2 Rxg2+ 69. Kxg2 1/2-1/2